3桁の電話番号サービス - Statistics

General Stats
  • This quiz has been taken 169 times
  • The average score is 9 of 15
Answer Stats
番号 サービス % Correct
110 事件・事故
99%
119 火事・救助・救急車
99%
117 時報
87%
118 海上の事件・事故
86%
115 電報の申し込み
73%
113 電話の故障
71%
116 電話の新設・移転・各種相談
70%
114 相手先が話し中かどうか調べる
69%
171 災害用伝言ダイヤル
52%
177 天気予報(2025/3/31終了)
50%
188 消費者ホットライン
43%
104 番号案内(2026/3/31終了)
40%
189 児童相談所虐待対応ダイヤル
38%
136 最後にかかってきた相手の番号を音声で知らせる(2023/12/31終了)
21%
159 相手の通話が終わった時に音声で知らせてくれる(2023/12/31終了)
21%
No matching quizzes found
Score Distribution
Percent of People with Each Score
Percentile by Number Answered
Your Score History
You have not taken this quiz